| 000 | 00387nam a2200169Ia 4500 | ||
|---|---|---|---|
| 008 | 210210b1935 xxu||||| |||| 00| 0 eng d | ||
| 041 | _aeng | ||
| 082 | _a829/126 | ||
| 100 | _aCARROLL (G H) | ||
| 245 | _aFew foolish ones | ||
| 260 |
_aLondon _bMacmillan & Co. Ltd. _c1935 |
||
| 650 | _aones | ||
| 650 | _afoolish | ||
| 650 | _aFew | ||
| 690 | _aEnglish Fiction | ||
| 906 | _a016736 | ||
| 999 |
_c136406 _d136406 |
||